000 00869nam a2200205 a 4500
001 000027577
005 20200930030933.0
008 110401s2004 dr 000 0 spa d
020 _a9945000209
040 _aDO-SdBNP
_bspa
_cBNPHU
082 _axxxx
_bM662m
100 1 _aMimenza Aurrecoechea, Ander
_954670
245 1 0 _aEl mercadeo /
_cAnder Mimenza Aurrecoechea.
260 _aSanto Domingo :
_bAlianza ONG, Programa de Fortalecimiento de Capacidades de Organizaciones sin Fines de Lucro en Gestión, Marketing y Tecnologías de la Información,
_c2004.
_bW. K. Kellogg Foundation,.
300 _axiv, 45 p. ;
_c23 cm.
490 1 _aManuales para el fortalecimiento de organizaciones sin fines de lucro
_vno. 4
504 _aBibliografía : p. 43-45
830 0 _aManuales para el fortalecimiento de organizaciones sin fines de lucro
_v4
_954671
049 _aBNPHU
999 _c27069
_d27069